| 000 | 00583nam a2200205Ia 4500 | ||
|---|---|---|---|
| 003 | LK-CoDNM | ||
| 008 | 010623t2001 xxu||||| |||| 00| 1 sin d | ||
| 040 |
_aLK-CoDNM _dLK-CoDNM _eLK-CoDNM |
||
| 041 | _asin | ||
| 080 |
_a398 _bGUN |
||
| 100 | _aGunasoma, Gunasekara | ||
| 245 | _aපානමිපත්තුවේ ජන ඇදහිලි හා විශ්වාස | ||
| 246 | _aPaanampaththuwee jana edahili haa vishvaasa | ||
| 260 |
_bS.Godage _aColombo _c2001 |
||
| 300 | _b74, 22 cm | ||
| 650 | _aCulture | ||
| 650 | _aFalklore | ||
| 650 | _aRitual | ||
| 942 | _cBK | ||
| 999 |
_c121273 _d121273 |
||